00516nam a2200145Ia 4500008004100000020001800041100002200059245007500081260003700156440002200193650002200215856004100237999001900278952007300297171212s9999 xx 000 0 und d a9789089647580 aMcDuie-Ra, Duncan cMcDuie-Ra, DuncanaBorderland Cities in New IndiabFrontier to Gateway bAmsterdam University Pressc2016 aAsian Borderlands aPolitical Science uhttp://jstor.org/stable/j.ctt1d8hb58 c350952d350952 001040aCLbCLd2017-12-12l0r2017-12-12 00:00:00w2017-12-12yCBE